| 000 | 00719nam a22002411 4500 | ||
|---|---|---|---|
| 001 | 35953 | ||
| 003 | BD-RjUL | ||
| 005 | 20211209052417.0 | ||
| 008 | 140612s1965 enkb b 000 0 eng d | ||
| 035 | _a(BD-RjUL)36050 | ||
| 040 |
_aDLC _cDLC _dDLC _dBD-RjUL _beng |
||
| 041 | _aeng | ||
| 082 | 0 | 0 |
_a320.12 _bPRG 1965 |
| 100 | 1 |
_aPrescott, J. R. V. _q(John Robert Victor) _9109333 |
|
| 245 | 1 | 4 |
_aThe geography of frontiers and boundaries / _cJ. R. V. Prescott. |
| 260 |
_aLondon : _bHutchinson University Library , _cc1965. |
||
| 300 |
_a190 p. : _bill. ; _c20 cm. |
||
| 504 | _aIncludes bibliographies. | ||
| 650 | 0 |
_aBoundaries. _9109450 |
|
| 942 |
_2ddc _cBK |
||
| 999 |
_c35953 _d35953 |
||